000 02423nas1a22003491i 4500
001 RU\NLR\INFOCOMM33\1000010682
005 20240726023747.0
035 _a(NLR Aleph) 002712226
090 _a1803065
_c1803065
100 _a20040225b19271930|||y0rusy50 ca
101 0 _arus
102 _aRU
110 _azyu||||0|y0
200 1 _aТруды Государственного Дальневосточного университета
_hСерия 15
207 1 _a№1 - 6[2]
210 _aВладивосток
_d1927-1930
300 _aВ 1923 - 1925 и 1932 г. Труды выходили без разделения на серии
710 0 2 _aДальневосточный университет
_cВладивосток
_4070
801 1 _aRU
_bInfoComm
_c20040225
801 0 _aRU
_bNLR
_gPSBO
852 _aNLR
_j37.66.5.188
942 _cSE
980 _aRUSPER